Arqueología preventiva en el eje cafetero : (Registro nro. 7276)
[ vista simple ]
| 000 -LEADER | |
|---|---|
| fixed length control field | 01265cam a2200241 a 4500 |
| 003 - CONTROL NUMBER IDENTIFIER | |
| control field | OSt |
| 005 - DATE AND TIME OF LATEST TRANSACTION | |
| control field | 20210222121723.0 |
| 008 - FIXED-LENGTH DATA ELEMENTS--GENERAL INFORMATION | |
| fixed length control field | 040604s2001 ck abdo r 000 0 spa d |
| 020 ## - INTERNATIONAL STANDARD BOOK NUMBER | |
| International Standard Book Number | 9588181038 |
| 040 ## - CATALOGING SOURCE | |
| Original cataloging agency | CO-BoPUJ |
| Transcribing agency | CO-JMCR |
| 041 0# - LANGUAGE CODE | |
| Language code of text/sound track or separate title | spa |
| 082 04 - DEWEY DECIMAL CLASSIFICATION NUMBER | |
| Classification number | 986.100498 / |
| Item number | G643a |
| Edition number | 23 |
| 100 1# - MAIN ENTRY--PERSONAL NAME | |
| Personal name | González Fernández, Víctor, |
| Relator term | editor |
| 9 (RLIN) | 13765 |
| 245 10 - TITLE STATEMENT | |
| Title | Arqueología preventiva en el eje cafetero : |
| Remainder of title | reconocimiento y rescate arqueológico en los municipios jurisdicción del Fondo para la Reconstrucción del Eje Cafetero |
| Statement of responsibility, etc. | editores Víctor González Fernández y Carlos Andrés Barragán |
| 260 ## - PUBLICATION, DISTRIBUTION, ETC. | |
| Place of publication, distribution, etc. | Bogotá : |
| Name of publisher, distributor, etc. | Instituto Colombiano de Antropología e Historia, |
| Date of publication, distribution, etc. | 2001. |
| 300 ## - PHYSICAL DESCRIPTION | |
| Extent | 209 páginas |
| Other physical details | ilustraciones, fotos, mapas y tablas en blanco y negro ; |
| Dimensions | 28 cm. |
| 490 ## - SERIES STATEMENT | |
| Series statement | Serie ordenamiento territorial y reconstrucción del eje cafetero ; |
| Volume/sequential designation | 11 |
| 505 0# - FORMATTED CONTENTS NOTE | |
| Formatted contents note | Reconocimientos arqueológicos. -- Rescates y monitoreos arqueológicos. -- Medio ambiente y arqueología en el eje cafetero. -- El manejo del patrimonio arqueológico. |
| 650 24 - SUBJECT ADDED ENTRY--TOPICAL TERM | |
| Topical term or geographic name entry element | Arqueología |
| Geographic subdivision | Zona cafetera (Colombia) |
| 9 (RLIN) | 13766 |
| 650 24 - SUBJECT ADDED ENTRY--TOPICAL TERM | |
| Topical term or geographic name entry element | Patrimonio arquitectónico |
| Geographic subdivision | Zona cafetera (Colombia) |
| 9 (RLIN) | 13767 |
| 700 1# - ADDED ENTRY--PERSONAL NAME | |
| Personal name | Barragán, Carlos Andrés, |
| Dates associated with a name | editor |
| 9 (RLIN) | 13768 |
| 942 ## - ADDED ENTRY ELEMENTS (KOHA) | |
| Source of classification or shelving scheme | Dewey Decimal Classification |
| Koha item type | Books |
| Withdrawn status | Lost status | Source of classification or shelving scheme | Damaged status | Not for loan | Home library | Current library | Shelving location | Date acquired | Source of acquisition | Total Checkouts | Full call number | Barcode | Date last seen | Date last checked out | Copy number | Price effective from | Koha item type |
|---|---|---|---|---|---|---|---|---|---|---|---|---|---|---|---|---|---|
| Dewey Decimal Classification | Biblioteca Pública José María del Castillo y Rada | Biblioteca Pública José María del Castillo y Rada | General Stacks | 10/02/2020 | Donación | 1 | 986.100498 / G643a | 201810568 | 07/05/2024 | 07/05/2024 | Ej.1 | 10/02/2020 | Books | ||||
| Dewey Decimal Classification | Biblioteca Pública José María del Castillo y Rada | Biblioteca Pública José María del Castillo y Rada | General Stacks | Donación | 986.100498 / G643a | 201810897 | 05/16/2024 | Ej.2 | Books |